000 00505nam a2200217Ia 4500
003 OSt
005 20230509093450.0
008 210423s1986 xx 000 0 und d
020 _a87901315
040 _cAL
041 _aeng
082 _a580
_223
_b RAVP
100 _aRAVEN (Peter H);others.
_9100180
245 _aBiology of plants.
250 _a4
260 _aNew York
_bWorth Publishers
_c1986
300 _axvi,775
_bPB
365 _cINR
906 _aBiology ; plants
942 _2ddc
_cBK
999 _c163911
_d163911